Statistiques concernant Quiz Jeu Pokémon ROSA

Cliquez ici pour prendre le quiz!

Statistiques générales

  • Ce quiz a été pris 71 fois
  • Le résultat moyen est 6 sur 10

Statistiques - réponses

QuestionRéponse% Correct
Quel pokémon Norman prête-t-il à Timmy pour l'aider à capturer son premier pokémon ?Zigzaton
89%
Quel pokémon nous empêche d'entrer dans l'arène de Cimetronelle ?Kecleon
86%
Quel est le premier pokémon que l'on affronte ?Medhyèna
76%
Dans quelle ville obtient-on la CS Coupe ?Mérouville
73%
Que faire pour pouvoir affronter Boréas ou Fulguris ?Prendre morphéo dans son équipe et survoler la région
71%
Parmi les pokémon suivants, lequel est exclusifs à pokémon Rubis Oméga ?Grainipiot
68%
Quelles capacités possède Deoxys lorsqu'on l'affronte ?Force Cosmik, Soin, Psycho Boost, Ultralaser
65%
A quel niveau affronte-t-on les pokémon Groudon et Kyogre ?45
57%
Quelle Méga-gemme trouve-t-on à Poivressel ?La Alakazamite
44%
Combien de nouvelles méga-évolutions ont été ajoutées dans ce jeu ?20
19%

Distribution des résultats

Percentile par nombre de réponses

% des personnes avec chaque résultat

Votre développement - résultats

Vous n’avez pas pris ce quiz